00671nam a2200205 a 450000100100000000500170001000800410002702000150006804000250008308200170010810000290012524500460015426000400020030000230024049000240026383000310028704900090031895201210032799900170044800002541720200930023756.0110215s1990 xxu r 000 0 spa d a0373030452 aDO-SdBNPbspacBNPHU axxxxxbC187h1 aCampbell, Bethany95202014aThe heart of the sun /cBethany Campbell. aNew York :bHarlequin Books,c1990. a189 p. ;c17.5 cm.1 aHarlequín ;v3045 0aHarlequín ;n3045952021 aBNGR 001054708MOaGRbGRcCTd2011-02-15iLF1l0oxxxxx C187hp25417-10r2020-06-25w2020-06-25y4ZPréstamo en sala c24909d24909